000 00439nam a2200169Ia 4500
008 230711s9999||||xx |||||||||||||| ||und||
020 _a978-0-07-058718-2
041 _aENG
082 _a511.5
_bBA-G
100 _aBalakrishnan,V.K
245 0 _aSchaum's outlines graph theory
250 _a1st Ed.
260 _c2016
_aNew Delhi
_bMcGraw Hill Education(India) Private Limited
300 _a293p.
650 _aMathematics
942 _cBK
999 _c6217
_d6217